| 000 | 00837nab a2200229u 4500 | ||
|---|---|---|---|
| 001 | 19352 | ||
| 003 | HDC | ||
| 007 | c| |||a|c|aaaa | ||
| 008 | 210226b20120214my ||||o |||| 00| 0 eng d | ||
| 040 | _aHDC | ||
| 100 |
_aDidier Gazanhes and Alexandre Leoty / _eauthor _917782 |
||
| 245 | 0 |
_aFrance: After Halal products and Halal stores, here comes HALAL Logistics / _cDidier Gazanhes and Alexandre Leoty |
|
| 336 |
_atext _2rdacontent |
||
| 337 |
_acomputer _2rdamedia |
||
| 338 |
_aonline resource _2rdacarrier |
||
| 650 |
_aHalal logistics _9143 |
||
| 650 |
_aHub to Hub Halal Logistics' _917783 |
||
| 856 | _zRequest full-text at [email protected] | ||
| 942 | _2lcc | ||
| 942 | _cNEWS | ||
| 942 | _kNWS0 003515 | ||
| 999 |
_c16668 _d16668 |
||